| 000 | 00678nam a2200217Ia 4500 | ||
|---|---|---|---|
| 003 | OSt | ||
| 005 | 20251211142228.0 | ||
| 008 | 221004b |||||||| |||| 00| 0 eng d | ||
| 037 | _cTB | ||
| 040 |
_aCRL _cCRL _beng |
||
| 041 |
_2eng _aeng |
||
| 084 |
_a2'N54t K0 _qCL |
||
| 110 |
_aIndia (Govt. of --). Education (Ministry of --) _9377129 |
||
| 245 | 0 | _aReport of advisory committee for libraries | |
| 260 |
_aDelhi, India: _bMinistry of Education India, _c1961. |
||
| 300 |
_a155p. _ccm. |
||
| 650 |
_aLIBRARY SCIENCE _9855961 |
||
| 700 |
_aIndia (Govt. of --). Education (Ministry of --) _9377130 |
||
| 942 |
_h2.N54t K0 _cTB _2CC _n0 |
||
| 999 |
_c946274 _d946274 |
||